000 00381nam a2200145Ia 4500
008 240624s9999 xx 000 0 und d
041 _aeng
082 _a658.812 SHE
100 _aSHETH JAGDISH
245 _aCUSTOMER BEHAVIOR A MANAGERIAL PERSPECTI
250 _a(2nd ed.)
260 _c2005
_aSingapore
_bThomson Learning
300 _axix, : 487 : p. : cm. ; 25
365 _c
_b25
999 _c4202
_d4202